LDR 00903naa#a2200181#i#450# 001 RU\\bibl\126634 005 20260703212439.5 011 ## _a2587-6740 100 ## _a20260615b2026####ek#y0rusy0150####ca 102 ## _aRU 200 1# _aТрансформация сельскохозяйственного сектора Краснодарского края в новых экономических реалиях _eЖурнальная статья 210 1# _aМосква _cЭлектронная наука _d2026 215 ## _a6 с. 608 ## _aЖурнальная статья _2local 675 ## _aЭкономическое положение. Конъюнктура. Развитие хозяйственной структуры. Экономический рост. 338.1 _z 700 #1 _aБугаков _gИлья Алексеевич 700 #1 _aПоляков _gМихаил Борисович 856 4# _aqje.su _u